| 000 | 00436cam a2200181ua 4500 | ||
|---|---|---|---|
| 020 | _c3.50 | ||
| 041 |
_ahin _h |
||
| 082 |
_a891.54 _bRAV/CH |
||
| 100 | _aTagore, Ravindra Nath. | ||
| 245 |
_aChinna pathra / _cRavindra Nath Tagore. _hTextual Documents |
||
| 250 |
_a3 / _b. |
||
| 260 |
_aBanaras : _bChaudhary and Sons , _c1962. |
||
| 300 | _a229 ; . | ||
| 365 | _a3.50 | ||
| 504 | _a | ||
| 942 | _cBK | ||
| 999 |
_c8047 _d8047 |
||